[Event "Superliga w Szachach Szybkich"]
[Site "Wroclaw, Katowice, Krakow, Poznan"]
[Date "2023-10-17"]
[Round "14.6"]
[White "Krasenkow, Michal"]
[Black "Leniart, Arkadiusz"]
[Result "0-1"]
[WhiteTitle "GM"]
[BlackTitle "GM"]
[WhiteElo "2453"]
[BlackElo "2418"]

1. d4 2. d5 3. c4 4. e6 5. Nc3 6. Nf6 7. cxd5 8. exd5 9. Bg5 10. c6 11. e3 12.
Bd6 13. Bd3 14. O-O 15. Nf3 16. Re8 17. Qc2 18. h6 19. Bh4 20. Bg4 21. O-O 22.
Nbd7 23. Bf5 24. Bxf5 25. Qxf5 26. Qe7 27. Nd2 28. Qe6 29. Qxe6 30. Rxe6 31. Rab1
32. a5 33. Bg3 34. Bxg3 35. hxg3 36. b5 37. a4 38. b4 39. Ne2 40. c5 41. dxc5
42. Nxc5 43. Nd4 44. Ree8 45. b3 46. Nfe4 47. Nxe4 48. dxe4 49. Rbc1 50. Nd3 51.
Rc7 52. Rec8 53. Re7 54. Re8 55. Rb7 56. Reb8 57. Rb5 58. Rxb5 59. axb5 60. a4
61. bxa4 62. Rxa4 63. f3 64. Nc5 65. Rb1 66. exf3 67. gxf3 68. Kf8 69. Rc1 70.
b3 71. Rb1 72. Rb4 73. Kf1 74. b2 75. Ke2 76. Ne6 77. Nxe6+ 78. fxe6 79. Kd3 80.
h5 81. f4 82. Ke7 83. Kc3 84. Rxb5 85. Rxb2 86. Rxb2 87. Kxb2 88. Kf6 0-1

[Event "Superliga w Szachach Szybkich"]
[Site "Wroclaw, Katowice, Krakow, Poznan"]
[Date "2023-10-17"]
[Round "14.7"]
[White "Mikrut, Dariusz"]
[Black "Kanarek, Marcel"]
[Result "0-1"]
[WhiteTitle "IM"]
[BlackTitle "GM"]
[WhiteElo "2235"]
[BlackElo "2400"]

1. d4 2. Nf6 3. c4 4. g6 5. Nc3 6. Bg7 7. e4 8. d6 9. f3 10. O-O 11. Be3 12. a6
13. Qd2 14. c6 15. Nge2 16. Nbd7 17. Bh6 18. e5 19. h4 20. b5 21. Bxg7 22. Kxg7
23. h5 24. bxc4 25. O-O-O 26. Rb8 27. g4 28. Qe7 29. Ng3 30. exd4 31. Qxd4 32.
Qe5 33. Qxd6 34. Ne8 35. Qxe5+ 36. Nxe5 37. Be2 38. Nc7 39. Rh4 40. Ne6 41. Nh1
42. Nf4 43. Nf2 44. Nxe2+ 45. Nxe2 46. Nxf3 47. Rh3 48. Ne5 49. h6+ 50. Kf6 51.
Rg3 52. Be6 53. g5+ 54. Ke7 55. Ra3 56. Rb6 57. Ra5 58. Nd7 59. e5 60. Rfb8 61.
Rd2 62. Rb5 63. Nd4 64. Rxa5 65. Nxc6+ 66. Ke8 67. Nxa5 68. Nxe5 69. Ne4 70. Nd3+
71. Kb1 72. Kf8 73. Nd6 74. Rd8 75. Ndxc4 76. Bf5 77. Ka1 78. Re8 79. Rd1 80.
Re1 81. Rxe1 82. Nxe1 83. b3 84. Nf3 85. Nc6 86. Nxg5 87. Nd6 88. Bh3 89. b4 90.
Ne6 91. a4 92. g5 93. b5 94. axb5 95. axb5 96. Bg2 97. Ne5 98. f6 99. Ng4 100.
Ke7 101. Nf5+ 102. Kf7 103. Nge3 104. Bh1 105. b6 106. Kg6 107. b7 108. Bxb7 109.
Nd6 110. Bf3 111. Ndf5 112. Be4 113. Ng3 114. Bd3 115. Kb2 116. Kxh6 117. Kc3
118. Bg6 119. Nd5 120. Kg7 121. Ne7 122. Kf7 123. Nc8 124. h5 125. Nd6+ Kg7 0-1

[Event "Superliga w Szachach Szybkich"]
[Site "Wroclaw, Katowice, Krakow, Poznan"]
[Date "2023-10-17"]
[Round "14.8"]
[White "Zawadzka, Beata"]
[Black "Sliwicka, Alicja"]
[Result "1/2-1/2"]
[WhiteTitle "WGM"]
[BlackTitle "WIM"]
[WhiteElo "2211"]
[BlackElo "2131"]

1. e4 2. c5 3. Nf3 4. d6 5. d4 6. cxd4 7. Nxd4 8. Nf6 9. f3 10. e5 11. Bb5+ 12.
Bd7 13. Bxd7+ 14. Nbxd7 15. Nf5 16. Qc7 17. Nc3 18. g6 19. Ne3 20. Bg7 21. O-O
22. Qc5 23. Kh1 24. O-O 25. Ned5 26. Rae8 27. Be3 28. Qc6 29. Qd2 30. Nh5 31.
Rad1 32. Re6 33. a4 34. a6 35. Bg1 36. Kh8 37. Ne3 38. f5 1/2-1/2

[Event "Superliga w Szachach Szybkich"]
[Site "Wroclaw, Katowice, Krakow, Poznan"]
[Date "2023-10-17"]
[Round "14.9"]
[White "Raczek, Krzysztof"]
[Black "Bartel, Mateusz"]
[Result "0-1"]
[WhiteTitle "FM"]
[BlackTitle "GM"]
[WhiteElo "2317"]
[BlackElo "2520"]

1. c4 2. b6 3. Nc3 4. Bb7 5. e4 6. e5 7. Nf3 8. Nc6 9. Be2 10. Bc5 11. O-O 12.
d6 13. d3 14. Nge7 15. Be3 16. O-O 17. a3 18. a5 19. Nd5 20. Qd7 21. d4 22. exd4
23. Nxd4 24. Nxd4 25. Bxd4 26. f5 27. Bc3 28. a4 29. Kh1 30. fxe4 31. Bg4 32.
Nf5 33. Bh3 34. Rae8 35. Qg4 36. Bc8 37. Nf6+ 38. Rxf6 39. Bxf6 40. Qf7 41. Bc3
42. Nh6 43. Qg3 44. Bxh3 45. Qxh3 46. Qxc4 47. Qd7 48. Qf7 49. Qxa4 50. Ng4 51.
b4 52. Bxf2 53. Qd1 54. Ne3 55. Qe2 56. Nxf1 57. Rxf1 58. e3 59. a4 60. c5 61.
b5 62. d5 63. a5 64. d4 65. Be1 66. bxa5 67. b6 68. Rd8 69. Bxf2 70. exf2 71.
Rxf2 72. d3 73. Qf1 74. Qxf2 75. Qxf2 76. d2 0-1

[Event "Superliga w Szachach Szybkich"]
[Site "Wroclaw, Katowice, Krakow, Poznan"]
[Date "2023-10-17"]
[Round "14.10"]
[White "Mastrovasilis, Dimitrios"]
[Black "Turski, Bartlomiej"]
[Result "1/2-1/2"]
[WhiteTitle "GM"]
[BlackTitle "FM"]
[WhiteElo "2566"]
[BlackElo "2253"]

1. e4 2. c5 3. Nf3 4. Nc6 5. d4 6. cxd4 7. Nxd4 8. Nf6 9. Nc3 10. d6 11. f3 12.
e5 13. Nb3 14. Be7 15. Be3 16. O-O 17. Qd2 18. a5 19. Bb5 20. Be6 21. O-O-O 22.
Qb8 23. a4 24. Nb4 25. Kb1 26. d5 27. exd5 28. Nfxd5 29. Nxd5 30. Bxd5 31. Nc5
32. Rd8 33. Nd7 34. Qd6 35. Bc5 36. Ba2+ 37. Kc1 38. Qxd2+ 39. Rxd2 40. Bg5 41.
Bxb4 42. axb4 43. b3 44. Rxd7 45. Bxd7 46. Rd8 47. Kb2 48. Bxd2 49. Bf5 50. Bc3+
51. Kxa2 52. Rd2 53. g4 54. g6 55. Be4 56. b6 57. Kb1 58. Kg7 59. Kc1 60. Rf2
61. h4 62. Kf6 63. Rd1 64. Ke6 65. Bd5+ 66. Ke7 67. Be4 68. Rh2 69. Rd5 70. Rh1+
71. Rd1 72. Rxh4 73. Rd5 74. Rh1+ 75. Rd1 76. Rxd1+ 77. Kxd1 78. Kf6 79. Bd5 80.
h5 81. gxh5 82. gxh5 83. Ke2 84. Kg6 85. f4 86. exf4 87. Kf3 88. Be5 89. Bc4 90.
f5 91. Bf1 92. h4 93. Bh3 94. Kf6 95. Ke2 96. Ke6 97. Kf3 98. Bd6 99. Ke2 100.
Ke5 101. Kf3 102. Bc5 103. Bf1 104. Be3 105. Bh3 106. Bc5 107. Bf1 108. Bd6 109.
Bh3 110. Bc5 1/2-1/2

[Event "Superliga w Szachach Szybkich"]
[Site "Wroclaw, Katowice, Krakow, Poznan"]
[Date "2023-10-17"]
[Round "14.11"]
[White "Fiedorek, Michal"]
[Black "Gumularz, Szymon"]
[Result "1-0"]
[WhiteTitle "FM"]
[BlackTitle "GM"]
[WhiteElo "2067"]
[BlackElo "2553"]

1. e4 2. e5 3. Nf3 4. Nc6 5. Bb5 6. Nge7 7. d4 8. exd4 9. Nxd4 10. Nxd4 11. Qxd4
12. Nc6 13. Qe3 14. Be7 15. O-O 16. O-O 17. Rd1 18. Re8 19. Nc3 20. Bf8 21. b3
22. a6 23. Bf1 24. b5 25. Bb2 26. Bb7 27. a4 28. b4 29. Nd5 30. Ne5 31. Qg3 32.
d6 33. Nxb4 34. Bxe4 35. Nxa6 36. Qc8 37. Nb4 38. Re6 39. Nd3 40. Rg6 41. Qe3
42. Nf3+ 43. Kh1 44. Qh3 45. Qf4 46. Ra5 47. Ne1 48. Rag5 49. Bc4 50. Rxg2 51.
Qxf7+ 1-0

[Event "Superliga w Szachach Szybkich"]
[Site "Wroclaw, Katowice, Krakow, Poznan"]
[Date "2023-10-17"]
[Round "14.12"]
[White "Zawadzka, Jolanta"]
[Black "Kiolbasa, Oliwia"]
[Result "1/2-1/2"]
[WhiteTitle "WGM"]
[BlackTitle "IM"]
[WhiteElo "2258"]
[BlackElo "2321"]

1. e4 2. e5 3. Nf3 4. Nc6 5. Nc3 6. Nf6 7. d4 8. exd4 9. Nxd4 10. Bb4 11. Nxc6
12. bxc6 13. Bd3 14. O-O 15. O-O 16. d5 17. exd5 18. Bg4 19. f3 20. Bh5 21. dxc6
22. Qd4+ 23. Kh1 24. Bxc3 25. bxc3 26. Qxc3 27. Bg5 28. Qxc6 29. Qd2 30. Bg6 31.
Bxg6 32. hxg6 33. Bxf6 34. Qxf6 35. Rab1 36. Rfd8 1/2-1/2

[Event "Superliga w Szachach Szybkich"]
[Site "Wroclaw, Katowice, Krakow, Poznan"]
[Date "2023-10-17"]
[Round "14.13"]
[White "Tomczak, Jacek"]
[Black "Navara, David"]
[Result "1/2-1/2"]
[WhiteTitle "GM"]
[BlackTitle "GM"]
[WhiteElo "2549"]
[BlackElo "2707"]

1. e4 2. e5 3. Nf3 4. Nc6 5. Bb5 6. Nf6 7. O-O 8. Nxe4 9. d4 10. Nd6 11. dxe5 12.
Nxb5 13. a4 14. Nbd4 15. Nxd4 16. d5 17. c3 18. Bc5 19. Nxc6 20. bxc6 21. Nd2
22. a5 23. Nb3 24. Bb6 25. Re1 26. O-O 27. Be3 28. Qe7 29. Qh5 30. c5 31. Rad1
32. Bd7 33. Rxd5 34. Be6 35. Bg5 36. f6 37. exf6 38. Qf7 39. Qxf7+ 40. Bxf7 41.
Rd7 42. gxf6 43. Bxf6 44. Bxb3 45. Rg7+ 46. Kh8 47. Rf7+ 48. Kg8 49. Rg7+ 50.
Kh8 51. Be5 52. Rae8 53. Re7+ 54. Kg8 55. Rg7+ 56. Kh8 57. Re7+ 1/2-1/2

[Event "Superliga w Szachach Szybkich"]
[Site "Wroclaw, Katowice, Krakow, Poznan"]
[Date "2023-10-17"]
[Round "14.14"]
[White "Piorun, Kacper"]
[Black "Warakomski, Tomasz"]
[Result "1-0"]
[WhiteTitle "GM"]
[BlackTitle "GM"]
[WhiteElo "2472"]
[BlackElo "2461"]

1. Nf3 2. d5 3. g3 4. Nf6 5. Bg2 6. c6 7. O-O 8. Bg4 9. h3 10. Bh5 11. d3 12. Nbd7
13. Qe1 14. e5 15. e4 16. Be7 17. Nh4 18. O-O 19. Nf5 20. Bc5 21. Nc3 22. dxe4
23. dxe4 24. Re8 25. Kh2 26. Qc7 27. f3 28. a5 29. a4 30. Nf8 31. Nd1 32. Ne6
33. Nfe3 34. Nd4 35. Bd2 36. b6 37. h4 38. Bg6 39. Nf2 40. Rad8 41. Bc3 42. h5
43. Rd1 44. Ne6 45. Nd3 46. Bd4 47. Nc4 48. Nd7 49. Bh3 50. Bxc3 51. Qxc3 52.
f6 53. b4 54. axb4 55. Qxb4 56. Bf7 57. Nd6 58. Re7 59. Nb5 60. c5 61. Nxc7 62.
cxb4 63. Bxe6 64. Bxe6 65. Nxb4 66. Bc4 67. Nc6 68. Bxf1 69. Nxe7+ 1-0

[Event "Superliga w Szachach Szybkich"]
[Site "Wroclaw, Katowice, Krakow, Poznan"]
[Date "2023-10-17"]
[Round "14.15"]
[White "Klekowski, Maciej"]
[Black "Socko, Bartosz"]
[Result "1-0"]
[WhiteTitle "GM"]
[BlackTitle "GM"]
[WhiteElo "2405"]
[BlackElo "2522"]

1. c4 2. e5 3. g3 4. Nc6 5. Bg2 6. g6 7. Nc3 8. Bg7 9. e4 10. d6 11. Nge2 12. Nge7
13. d3 14. O-O 15. O-O 16. Be6 17. h3 18. Qd7 19. Kh2 20. Rae8 21. Rb1 22. f5
23. f4 24. Kh8 25. Nd5 26. fxe4 27. dxe4 28. Nd4 29. Be3 30. c5 31. b4 32. b6
33. bxc5 34. bxc5 35. Nec3 36. Bxd5 37. cxd5 38. Ng8 39. Qd3 40. exf4 41. Bxf4
42. Be5 43. Bxe5+ 44. dxe5 45. Qa6 46. Rxf1 47. Qxf1 48. Qd6 49. Rb7 50. Rf8 51.
Nb5 52. Qd8 53. Qc4 54. Nf3+ 55. Bxf3 56. Rxf3 57. Kg2 58. Re3 59. Rf7 60. Qg5
61. Rf3 62. Rxf3 63. Kxf3 64. Qd2 65. d6 66. Nf6 67. Qe2 68. Qc1 69. Kg2 70. c4
71. Qf2 72. Kg7 73. Qxa7+ 74. Kh6 75. Qf2 76. Nxe4 77. Qf8+ 78. Kh5 79. Qf3+ 80.
Kh6 81. Qxe4 82. Qb2+ 83. Kf3 84. Qxb5 85. Qh4+ 86. Kg7 87. Qe7+ 88. Kh6 89. Qf8+
90. Kh5 91. g4+ 92. Kg5 93. h4+ 1-0

[Event "Superliga w Szachach Szybkich"]
[Site "Wroclaw, Katowice, Krakow, Poznan"]
[Date "2023-10-17"]
[Round "14.16"]
[White "Socko, Monika"]
[Black "Antolak, Julia"]
[Result "1/2-1/2"]
[WhiteTitle "GM"]
[BlackTitle "WGM"]
[WhiteElo "2303"]
[BlackElo "2192"]

1. d4 2. Nf6 3. Nf3 4. e6 5. g3 6. b6 7. Bg2 8. Bb7 9. O-O 10. Be7 11. c4 12. O-O
13. Re1 14. c5 15. d5 16. exd5 17. Nh4 18. d6 19. Nc3 20. Na6 21. Nf5 22. Nc7
23. cxd5 24. b5 25. e4 26. b4 27. Ne2 28. Bc8 29. Nxe7+ 30. Qxe7 31. Nf4 32. Nd7
33. b3 34. Ne5 35. Bb2 36. a5 37. Nd3 38. Nxd3 39. Qxd3 40. Ba6 41. Qd2 42. f6
43. f4 44. a4 45. e5 46. fxe5 47. fxe5 48. Bb7 49. exd6 50. Qxd6 51. Be5 52. Qd7
53. Bxc7 54. Qxc7 55. Rac1 56. axb3 57. axb3 58. Rad8 59. Qxb4 60. cxb4 61. Rxc7
62. Bxd5 63. Bxd5+ 64. Rxd5 65. Ree7 66. Rg5 67. Rb7 68. Rg4 69. Kg2 70. Rd8 71.
h3 72. Rg6 73. Rxb4 74. h6 75. Re3 76. Rd2+ 77. Kf3 78. Rf6+ 79. Rf4 80. Rb6 81.
h4 82. Rb2 83. b4 84. R2xb4 85. Rxb4 1/2-1/2